Statistics for The Portland Oregon Quiz

Click here to take the quiz!

General Stats

  • This quiz has been taken 789 times
  • The average score is 11 of 19

Answer Stats

HintAnswer% Correct
Basketball TeamPortland Trail Blazers
93%
What Washington city is included in its metropolitan count?Vancouver
84%
"The" BookstorePowell's City of Books
83%
TV show about Portland and its peoplePortlandia
82%
The river that separates it from WashingtonThe Columbia
82%
Airport code for The Portland International AirportPDX
81%
What sporting goods brand has its world headquarters there (in the Portland metrpolitan area)?Nike
80%
Soccer TeamPortland Timbers
80%
The river that runs right through the cityThe Willamette
75%
The biggest newspaper in PortlandThe Oregonian
64%
Portland's version of a trainThe MAX
63%
Powell's City of Books, Andina Restaurant, and Inn at Northrup Station are all in (or straddling) what Portland neighborhood?The Pearl District
60%
Portland's most common nicknameCity of Roses
56%
On what street can you find the Bagdad Theater, PastaWorks, and Bread and Ink Cafe?SE Hawthorne Blvd
40%
Originally called...?Stumptown
31%
DemonymPortlander
30%
Movie director from Portland-not born there, but has lived most of his life there (Directed "Goodwill Hunting")Gus Van Sant
16%
The largest independent toy store in Portland-and in the Pacific NorthwestFinnegan's Toys and Gifts
11%
What is the name of the popular gallery tour in the Pearl District called?First Thursday
10%

Score Distribution

Percentile by Number Answered

Percent of People with Each Score

Your Score History

You have not taken this quiz